000 004690000a22001810004500
003 MACL
005 20150730152604.0
008 150730b xxu||||| |||| 00| 0 eng d
040 _aMACL
_cMACL
041 _aEnglish
082 _a355/SIN
100 _aSingh, Cpt Prem
_93488
245 _aFuture of War and Future of Battlespace
260 _bPrashant Publishing House
_c2008
_aDelhi
350 _a995
650 _aMilitery Science
_9301
942 _cBK
_k355/SIN
_2ddc
999 _c42257
_d42257